000 00756nam a2200205 i 4500
001 63115
003 ES-MaACL
005 20230906164805.0
007 t|
008 031128s1950 sp ||||1| spa d
100 1 _aFernández y Rodríguez, Obdulio,
_d1883-1982
_950192
245 1 3 _aLa química en la literatura universal /
_cdiscurso de Obdulio Fernández y Rodríguez leído en la Fiesta del Libro Español del día 23 de abril de 1950.
260 _aMadrid :
_b[s.n.],
_c1950 (
_fArtes Gráf. Fénix)
300 _a101 p. ;
_c24 cm.
594 _aPrecede al tít.: Instituto de España.
650 4 _aQuímica-
_xEn la literatura.
_9172939
710 2 _aInstituto de España.
_94873
852 _aES-MaACL
_j1925-F-11
999 _c63115
_d63115